|
|
|
|
| LEADER |
00000nam a2200000Ii 4500 |
| 001 |
DIGBRUJ362 |
| 003 |
NyNyDIG |
| 006 |
m o d |
| 007 |
cr ||||||||||| |
| 008 |
220711s2021 ag ob 000 0 spa d |
| 035 |
|
|
|a (OCoLC)1283842741
|
| 040 |
|
|
|a DGITA
|b eng
|e rda
|e pn
|c DGITA
|
| 020 |
|
|
|a 9789877603460
|q e-book
|
| 020 |
|
|
|z 9789877603422
|q versión impresa
|
| 050 |
1 |
4 |
|a LB3013.3 ebook
|
| 082 |
0 |
4 |
|a 371.782
|
| 245 |
0 |
0 |
|a Investigaciones sobre violencia en la escuela /
|c Jeysira Jacqueline Dorantes Carrión, compiladora.
|
| 250 |
|
|
|a 1a. edición.
|
| 264 |
|
1 |
|a Córdoba, Argentina :
|b Editorial Brujas ;
|a [Xalapa, Veracruz, México] :
|b Universidad Veracruzana,
|c [2021]
|
| 300 |
|
|
|a 1 online resource.
|
| 336 |
|
|
|a text
|b txt
|2 rdacontent
|
| 337 |
|
|
|a computer
|b c
|2 rdamedia
|
| 338 |
|
|
|a online resource
|b cr
|2 rdacarrier
|
| 347 |
|
|
|a text file
|2 rdaft
|
| 347 |
|
|
|b PDF
|
| 504 |
|
|
|a Includes bibliographical references.
|
| 588 |
0 |
|
|a Online resource; title from PDF title page (Digitalia, viewed July 11, 2022)
|
| 650 |
|
0 |
|a Bullying in schools.
|
| 650 |
|
0 |
|a School violence.
|
| 655 |
|
0 |
|a Electronic books.
|
| 700 |
1 |
|
|a Dorantes Carrión, Jeysira Jacqueline,
|e compiler.
|
| 791 |
2 |
|
|a Digitalia (Firm),
|e distributor.
|
| 793 |
0 |
|
|g Digitalia eBook Collection:
|a Editorial Brujas
|
| 776 |
0 |
8 |
|i Print version:
|t Investigaciones sobre violencia en la escuela.
|b 1a. edición.
|d Córdoba, Argentina : Editorial Brujas ; [Xalapa, Veracruz, México] : Universidad Veracruzana, [2021]
|z 9789877603422
|
| 856 |
4 |
0 |
|3 Digitalia Hispánica
|u https://www.digitaliapublishing.com/a/112166/
|
| 910 |
|
|
|a Premium collection: 2022
|